| 000 | 00667cam a22002173a 4500 | ||
|---|---|---|---|
| 001 | 42724 | ||
| 003 | PGUSA | ||
| 005 | 20140828083952.0 | ||
| 008 | 130516s2013||||xxu|||||s|||||000 | eng d | ||
| 040 |
_aPGUSA _beng |
||
| 042 | _adc | ||
| 100 | 1 |
_aMarlowe, Christopher, _d1564-1593 |
|
| 245 | 1 | 4 |
_aThe Works of Christopher Marlowe, Vol. 2 (of 3) _h[electronic resource] / _cChristopher Marlowe |
| 260 |
_bProject Gutenberg, _c2013 |
||
| 506 | _aPublic domain in the USA. | ||
| 516 | _aElectronic text | ||
| 700 | 1 |
_aBullen, A. H. _q(Arthur Henry), _d1857-1920 |
|
| 830 | 0 |
_aProject Gutenberg _v42724 |
|
| 856 | 4 | 0 | _uhttp://www.gutenberg.org/ebooks/42724 |
| 942 | _cEB | ||
| 999 |
_c271976 _d271976 |
||